00379nam a2200145 i 450000100060000000300090000600500170001500700030003200800410003510000290007624500430010526000420014830000200019085200230021036551ES-MaACL20250712063121.0t|030218s1921 xxk ||||1| eng d1 aBryce, James,d1838-192210aModern democracies / cby James Bryce. aLondon : bMacmillan and CÂș, c1921. a2 v. ; c22 cm. aES-MaACLjC-1141-2